| 000 | 00466nam a2200157 u 4500 | ||
|---|---|---|---|
| 001 | 000020708 | ||
| 005 | 20200930011141.0 | ||
| 008 | 100813s1969 dr a r 000 0 spa d | ||
| 040 |
_aDO-SdBNP _bspa _cBPJMB |
||
| 082 |
_axxx _bK916d |
||
| 100 | 1 |
_aKrauss, Paul G. _943453 |
|
| 245 | 1 | 0 |
_aDeutsche lekture / _cPaul G. Krauss. |
| 260 |
_aNew York : _bHolt, Rinehart and Winston, _c1969. |
||
| 300 |
_a189 p. : _bil. ; _c21 cm. |
||
| 500 | _aIncluye notas al pie de páginas | ||
| 999 |
_c20212 _d20212 |
||